| 000 | 01106nam a2200313 a 4500 | ||
|---|---|---|---|
| 999 |
_c7091 _d7091 |
||
| 001 | 7091 | ||
| 003 | BD-JhCC | ||
| 005 | 20180204190039.0 | ||
| 008 | 180204s2001 nyu 000 1 eng d | ||
| 020 | _a0375757023 (acidfree paper) | ||
| 035 | _a(BD-JhCC)7091 | ||
| 040 |
_aBD-JhCC _cDLC _dBD-JhCC |
||
| 041 | _aeng | ||
| 050 | 0 | 0 |
_aPS3505.L376 _bO9 2001 |
| 082 | 0 | 0 |
_a813/.52 _221 _bCLA 1940 |
| 100 | 1 |
_aClark, Walter Van Tilburg, _d1909-1971. |
|
| 245 | 1 | 4 |
_aThe Ox-Bow incident / _cWalter Van Tilburg Clark ; introduction by Wallace Stegner. |
| 260 |
_aNew York : _bModern Library, _c2001. |
||
| 300 |
_axix, 310 p. ; _c21 cm. |
||
| 650 | 0 |
_aLynching _vFiction. |
|
| 650 | 0 |
_aMobs _vFiction. |
|
| 651 | 0 |
_aNevada _vFiction. |
|
| 655 | 7 |
_aWestern stories. _2gsafd |
|
| 856 | 4 | 2 |
_3Contributor biographical information _uhttp://www.loc.gov/catdir/bios/random052/00064584.html |
| 856 | 4 | 1 |
_3Sample text _uhttp://www.loc.gov/catdir/samples/random045/00064584.html |
| 856 | 4 | 2 |
_3Publisher description _uhttp://www.loc.gov/catdir/description/random0414/00064584.html |
| 942 |
_2ddc _cBK |
||